000 00928nam a2200253Ia 4500
003 OSt
005 20220923221501.0
006 a|||||r|||| 00| 0
007 ta
008 220922b |||||||| |||| 00| 0 hin d
024 _a197,706
037 _cTextual
040 _aARTS
_cARTS
_bhin
041 _2hin
_ahin
082 _aO152,8N421x, N0
100 _aनिशिकांत, राजेन्द्र श्री वास्तव
_9165409
245 0 _aअब फाइलंे नहीं रूकतीं
246 _aAb fāilane nahīan rūkatīan
260 _aनई दिल्ली
_b साहित्य सदन
_c1990
300 _a128पृ.
_ccm.
650 _aहिन्दी साहित्य
_9156264
942 _hO152,8N421x, N0
_cTEXL
_2CC
999 _c349577
_d349577